000 00248nam a22001217a 4500
008 170821b xxu||||| |||| 00| 0 eng d
041 _aeng
080 _a51
100 _a37
101 _aMAT
245 _aALGEBRA
_cWELCHONS,A.M
942 _2udc
_cBK
999 _c24201
_d24201